000 00688nam a2200229Ia 4500
001 9429
003 GE_BSU
008 181216s||||||||xx |||||||||||||| ||und||
040 _cGE_BSU
080 _a821.353.1–31
100 _aმოდებაძე,ნოდარ
245 _aმე და შენ
245 _bრომანი
245 _cრედ.ოთარ გოგუაძე,მხატვ.ჯემალ მიქელაძე
260 _aბათუმი
260 _bსაბჭოთა აჭარა
260 _c1976
300 _a163გვ.21სმ.
653 _aმე და შენ
653 _aრომანი
942 _cBK
999 _c42723
_d42723